Представление документа в формате MARC21

Поле Инд. ПП Название Значение
Тип записи a
Библиографический уровень m
001 _ Контрольный номер BIBLIOCLUB\0000600274
005 _ Дата корректировки 20250915104127.2
008 Кодируемые данные 210927j2019 RU y j j||| 000 0 rus u
020 a ISBN 978-5-8353-2444-6
040 a Служба первич. каталог. Директ-Медиа
c Служба, преобразующая запись Директ-Медиа
041 a Код языка текста rus
044 a Код страны публикации RU
080 a Индекс УДК 159.96
084 2 Источник индекса rubbk
a Индекс другой классификации/Индекс ББК 88.8я73
084 2 Источник индекса rubbk
a Индекс другой классификации/Индекс ББК 88.283я73
084 2 Источник индекса rubbk
a Индекс другой классификации/Индекс ББК 88.4я73
245 a Заглавие Кризисная психология
b Продолж. заглавия учебное пособие
c Ответственность авт.-сост. Е. С. Гольдшмидт; авт.-сост. Н. И. Корытченкова; авт.-сост. С. С. Смагина; авт.-сост. Н. К. Будницкая; авт.-сост. Н. А. Канина; Кемеровский государственный университет
260 a Место издания Кемерово
b Издательство Кемеровский государственный университет
c Дата издания 2019
300 a Объем 140 с.
b Иллюстрации/ тип воспроизводства ил.
504 a Библиография Библиогр. в кн
520 a Аннотация Учебное пособие разработано по дисциплине «Кризисная психология». Учебное пособие предназначено для ознакомления студентов с основными концепциями в кризисной психологии, с разными типами кризисов и формами, методами психологической помощи людям, находящимся в кризисном состоянии. Адресовано обучающимся по специальности 37.05.02 Психология служебной деятельности.
538 a Прим. о системных особенностях Режим доступа: электронная библиотечная система «Университетская библиотека ONLINE», требуется авторизация
653 a Ключевые слова Учебник для высшей школы
856 4_ u URL https://biblioclub.ru/index.php?page=book&id=600274
a Имя сервера/домена Режим доступа: электронная библиотечная система «Университетская библиотека ONLINE», требуется авторизация
z Примечание для пользователя Участвует в КО